000 01164cam a2200289 i 4500
999 _c30514
_d30514
001 30514
003 Mx-PuUPA
005 20240703160105.0
008 140415s mx gr 001 0 eng d
020 _a9786079777234
040 _aMx-PuUPA
_bspa
_cMx-PuUPA
_dMx-PuUPA
_erda
041 0 _aeng
100 1 _aCastro Alegría, Rafael Fernando,
_910204
_eautor
245 1 4 _aThe region is what we say it is :
_bthe speeches of Lula Da Silva and Hugo Chávez in the constrution of Latin American integration /
_cRafael Fernando Castro Alegría
264 1 _aCiudad de México :
_bFundación Konrad Adenauer,
_c[Año de publicación no identificado]
300 _a77 páginas ;
_c24 cm
336 _atexto
_2rdacontent
_btxt
337 _asin medio
_2rdamedia
_bn
338 _avolumen
_2rdacarrier
_bnc
490 0 _aYoung perspectives ;
_v3
600 1 4 _aCávez Frías, Hugo,
_d1954 - 2013
_xInfluencias
651 4 _aAmérica Latina
_xIntegración económica
942 _2ddc
_cLI
_h337.8
_iC26